000 00508nam a2200157Ia 4500
999 _c40525
_d40525
003 OSt
005 20200626121431.0
008 190216s9999||||xx |||||||||||||| ||und||
040 _coclc
082 _a954.83
_bKUR/W
100 _aKurup, K K N
_91879
_d1939- author.
245 0 _aWilliam Logan : Malabarile Karshika Bandhangalil Oru Patanam /
_cK K N Kurup
260 _bKerala Basha Institute,
_c1991.
_aTrivandrum:
300 _a153p
942 _cBK
_2ddc
_h954.83
_iKUR/W
_k954.83
_mKUR/W